Ciudades muertas: ecología, catástrofe y revuelta
Saved in:
| Main Author: | |
|---|---|
| Format: | Book |
| Language: | Spanish |
| Published: |
Madrid
Traficantes de Sueños
2007
|
| Edition: | 1a. ed |
| Series: | Mapas, 17
|
| Subjects: | |
| Tags: |
Add Tag
No Tags, Be the first to tag this record!
|
MARC
| LEADER | 00000cam a2200000 a 4500 | ||
|---|---|---|---|
| 001 | UCE6743 | ||
| 003 | CL-VaPUC | ||
| 008 | 150430e20070000sp |||||||||||||||||spa|d | ||
| 020 | |a 8496453170 | ||
| 020 | |a 9788496453170 | ||
| 082 | 0 | 4 | |a 363 |b DAV |2 21 |
| 100 | 0 | |a Davis, Mike |e author |9 579337 | |
| 245 | 1 | 0 | |a Ciudades muertas: ecología, catástrofe y revuelta |
| 250 | |a 1a. ed | ||
| 300 | |a 249 p | ||
| 942 | |c BK | ||
| 945 | |d 20150430 00:23:00 |a arojas | ||
| 260 | |a Madrid |b Traficantes de Sueños |c 2007 | ||
| 650 | 0 | |a Ciudades |9 265474 | |
| 650 | 0 | |a Desastres naturales |9 269276 | |
| 650 | 0 | |a Problemas sociales |9 258537 | |
| 650 | 7 | |a CATASTROFES |2 CL-VaPUC |9 375254 | |
| 650 | 0 | |a Ecología |9 258124 | |
| 583 | |a last modification |c 20150430 00:23:00 |k Rodrigo Vera | ||
| 490 | 0 | |a Mapas, 17 | |
| 999 | |c 358939 |d 358937 | ||
| 952 | |0 0 |1 0 |3 erb |4 0 |6 363_000000000000000_DAV_2007 |7 0 |8 A |9 467906 |a BIBING |b BIBING |i 5147395 |l 1 |o 363 DAV 2007 |p 5147395 |r 2025-01-20 |s 2024-06-04 |w 2019-11-23 |y BK |z Catalogado en:20150430 |k GEO | ||
| 952 | |0 0 |1 0 |3 erb |4 0 |6 363_000000000000000_DAV_2007 |7 0 |8 A |9 467907 |a BIBING |b BIBING |i 5147409 |o 363 DAV 2007 |p 5147409 |r 2025-01-20 |w 2019-11-23 |y BK |z Catalogado en:20150430 |k GEO | ||